000 00429nam a2200157Ia 4500
008 230711s9999||||xx |||||||||||||| ||und||
041 _aENG
082 _a624
_bHA-O
100 _aHammer,Willie
245 0 _aOccupational safety management and engineering
250 _a2nd Ed.
260 _c1989
_aNew Jersy
_bPrentice-Hall of India Private Limited
650 _aUNIVESITY BUSNIESS SCHOOL
700 _aPrice,Dennis
942 _cBK
999 _c560
_d560